[Event "29th Czech Rapid G1 2018"]
[Site "Pardubice CZE"]
[Date "2018.07.19"]
[Round "4.53"]
[White "Chubar, Vladimir"]
[Black "Annenkov, Kirill"]
[Result "1/2-1/2"]
[WhiteTitle "IM"]
[BlackTitle "FM"]
[WhiteElo "2016"]
[BlackElo "2214"]
[WhiteFideId "14101491"]
[BlackFideId "4129733"]
[EventDate "2018.07.18"]

1. d4 d5 2. Nf3 Nf6 3. Bf4 c5 4. e3 Nc6 5. c3 Qb6 6. Qc1 Bf5 7. Nbd2 Rc8 8. Be2
h6 9. O-O e6 10. h3 Be7 11. Ne5 O-O 12. Nxc6 bxc6 13. Nb3 Nd7 14. Qd2 Bg6 15. c4
Rfd8 16. Qa5 cxd4 17. exd4 c5 18. Qxb6 axb6 19. cxd5 exd5 20. Ba6 Ra8 21. Bb7
Ra4 22. Bc7 Rf8 23. Bxd5 cxd4 24. Bg3 d3 25. Rfc1 Nc5 26. Nxc5 Bxc5 27. Rc4 Rxc4
28. Bxc4 Rd8 29. Rd1 Rd4 30. Bb3 Re4 31. Kh2 Re2 32. Bc4 Rxb2 33. Bxd3 Bxd3 34.
Rxd3 Rxa2 35. Rd8+ Kh7 36. f3 Rb2 37. Rd7 Kg6 38. h4 h5 39. Bc7 b5 40. Rd5 Be7
41. Be5 Rb1 42. g3 b4 43. Rb5 b3 44. Rb6+ f6 45. Bc3 Bc5 46. Rb5 Be3 47. g4 Bf4+
48. Kg2 hxg4 49. fxg4 Kf7 50. g5 fxg5 51. hxg5 Kg6 52. Rb6+ Kxg5 53. Bxg7 Kf5
54. Kf3 Bg5 55. Rb5+ Kg6 56. Bh8 Rh1 57. Bd4 Rh3+ 58. Ke4 Bc1 59. Rb6+ Kf7 60.
Rb7+ Ke6 61. Rb6+ Kd7 62. Rb7+ Kc6 63. Rb6+ Kc7 64. Rb5 Bd2 65. Kd5 Bf4 66. Kc4
Bd6 67. Rxb3 1/2-1/2

[Event "29th Czech Rapid G1 2018"]
[Site "Pardubice CZE"]
[Date "2018.07.19"]
[Round "4.72"]
[White "Fiala, Milan"]
[Black "Tomek, Karel"]
[Result "1/2-1/2"]
[WhiteElo "1845"]
[BlackElo "1785"]
[WhiteFideId "346829"]
[BlackFideId "347035"]
[EventDate "2018.07.18"]

1. d4 Nf6 2. c4 e6 3. Nf3 Bb4+ 4. Nbd2 O-O 5. e3 Ne4 6. Bd3 Bxd2+ 7. Bxd2 Nxd2
8. Qxd2 b6 9. Qc2 f5 10. O-O-O Bb7 11. Kb1 d5 12. Ne5 Nd7 13. h4 Nxe5 14. dxe5
dxc4 15. Bxc4 Qe7 16. f3 a6 17. Rd2 b5 18. Bb3 c5 19. Qd1 Rfd8 20. Bxe6+ Kh8 21.
Rd6 g6 22. h5 Kg7 23. hxg6 hxg6 24. Qd2 Rxd6 25. Qxd6 Re8 26. Bd5 Bxd5 27. Qxd5
Qxe5 28. Qb7+ Re7 29. Qxa6 c4 30. Qa5 Qxe3 31. Qxb5 Qd3+ 32. Ka1 Qd2 33. Rb1 c3
34. bxc3 Re2 35. Qb2 Rxg2 36. Qxd2 Rxd2 37. Rc1 1/2-1/2

[Event "29th Czech Rapid G1 2018"]
[Site "Pardubice CZE"]
[Date "2018.07.19"]
[Round "5.1"]
[White "Potapov, Pavel"]
[Black "Bernadskiy, Vitaliy"]
[Result "0-1"]
[WhiteTitle "GM"]
[BlackTitle "GM"]
[WhiteElo "2500"]
[BlackElo "2586"]
[WhiteFideId "4169786"]
[BlackFideId "14100371"]
[EventDate "2018.07.18"]

1. e4 Nf6 2. e5 Nd5 3. d4 d6 4. Nf3 dxe5 5. Nxe5 c6 6. Be2 Bf5 7. O-O Nd7 8. Nf3
e6 9. Re1 Be7 10. c3 O-O 11. Nbd2 Nf4 12. Nc4 Nxe2+ 13. Qxe2 c5 14. Be3 Qc7 15.
Nce5 Nxe5 16. Nxe5 Bd6 17. Nf3 c4 18. h3 b5 19. a3 Bd3 20. Qd1 Rad8 21. Bd2 Qb7
22. Ne5 Be4 23. f3 Bd5 24. Qc2 a5 25. Ng4 Bb8 26. Ne3 Qc7 27. Nf1 Bc6 28. Bg5
Rd5 29. Bh4 e5 30. Rxe5 Rxe5 31. dxe5 Qxe5 32. Bg3 Qc5+ 33. Qf2 Qxf2+ 34. Bxf2
Re8 35. Re1 Rxe1 36. Bxe1 f5 37. Bf2 Kf7 38. Bb6 a4 39. Kf2 Ke6 40. Ne3 h5 41.
Nc2 Bd7 42. Be3 f4 43. Bd4 g5 44. Bb6 Kf5 45. Nd4+ Ke5 46. Bd8 Ba7 47. Bxg5 b4
48. axb4 Bxd4+ 49. cxd4+ Kf5 50. Bxf4 Kxf4 51. g3+ Kg5 52. h4+ Kf6 0-1

[Event "29th Czech Rapid G1 2018"]
[Site "Pardubice CZE"]
[Date "2018.07.19"]
[Round "5.2"]
[White "Paravyan, David"]
[Black "Rasik, Vitezslav"]
[Result "1/2-1/2"]
[WhiteTitle "GM"]
[BlackTitle "GM"]
[WhiteElo "2638"]
[BlackElo "2458"]
[WhiteFideId "4194985"]
[BlackFideId "300306"]
[EventDate "2018.07.18"]

1. d4 d6 2. c4 g6 3. Nc3 Bg7 4. Nf3 Nf6 5. e3 O-O 6. Be2 Nbd7 7. O-O e5 8. Qc2
Re8 9. Rd1 e4 10. Nd2 Qe7 11. b4 h5 12. a4 Nf8 13. Ba3 Bf5 14. Rdc1 Ne6 15. Rab1
Nxd4 16. exd4 e3 17. Bd3 exf2+ 18. Kh1 Ng4 19. Bxf5 gxf5 20. Nf3 Bxd4 21. Nd5
Qe4 22. Qxe4 Rxe4 23. Rf1 c6 24. Nxd4 cxd5 25. Nxf5 dxc4 26. Nxd6 Re2 27. Nxc4
Rae8 28. Bc1 R8e4 29. h3 Re1 30. Bd2 Rxb1 31. Rxb1 Rxc4 32. hxg4 Re4 33. Rf1 Re2
34. Bc3 Re3 35. Rxf2 Rxc3 36. gxh5 Rc4 37. Rf5 Rxb4 38. a5 b6 39. Kh2 Kg7 40.
Kh3 a6 41. axb6 Rxb6 42. Kg4 Rb4+ 43. Kg5 Rb5 44. Rxb5 axb5 45. Kf5 b4 46. Ke4
f5+ 47. Kd4 Kh6 48. Kc4 Kxh5 49. Kxb4 Kg4 50. Kc4 f4 1/2-1/2

[Event "29th Czech Rapid G1 2018"]
[Site "Pardubice CZE"]
[Date "2018.07.19"]
[Round "5.3"]
[White "Movsesian, Sergei"]
[Black "Shyam, Sundar M."]
[Result "1-0"]
[WhiteTitle "GM"]
[BlackTitle "GM"]
[WhiteElo "2635"]
[BlackElo "2527"]
[WhiteFideId "310204"]
[BlackFideId "5019141"]
[EventDate "2018.07.18"]

1. Nf3 d5 2. g3 g6 3. Bg2 Bg7 4. O-O e5 5. d3 Ne7 6. e4 O-O 7. Nbd2 Nbc6 8. c3
a5 9. a4 h6 10. Re1 Re8 11. Qc2 b6 12. b3 Ba6 13. Ba3 d4 14. cxd4 Nxd4 15. Nxd4
Qxd4 16. Nc4 Qd7 17. Ne3 c5 18. Rad1 Bb7 19. Bb2 h5 20. Nc4 Qc7 21. f4 Nc6 22.
f5 Rad8 23. Rf1 Ba6 24. Qc1 Kh7 25. Rf3 Bh6 26. Qb1 Nd4 27. Bxd4 cxd4 28. Rdf1
Re7 29. Kh1 Bxc4 30. bxc4 Rd6 31. Bh3 Bg5 32. Qb5 Kg7 33. fxg6 fxg6 34. Rf8 Rd8
35. Rxd8 Qxd8 36. Qd5 Qc7 37. Be6 Kh6 38. Rf8 h4 39. Rc8 Qb7 40. Rh8+ Kg7 41.
Qxe5+ 1-0

[Event "29th Czech Rapid G1 2018"]
[Site "Pardubice CZE"]
[Date "2018.07.19"]
[Round "5.5"]
[White "Zakhartsov, Viacheslav V."]
[Black "Geller, Jakov"]
[Result "1/2-1/2"]
[WhiteTitle "GM"]
[BlackTitle "GM"]
[WhiteElo "2539"]
[BlackElo "2518"]
[WhiteFideId "4115333"]
[BlackFideId "4151984"]
[EventDate "2018.07.18"]

1. d4 d5 2. c4 e6 3. Nf3 c6 4. e3 Nf6 5. Bd3 Nbd7 6. b3 Bd6 7. Bb2 O-O 8. Nbd2
b6 9. O-O Bb7 10. Ne5 c5 11. f4 cxd4 12. exd4 Ne4 13. Qe2 f5 14. Nxd7 Qxd7 15.
Qe3 Rac8 1/2-1/2

[Event "29th Czech Rapid G1 2018"]
[Site "Pardubice CZE"]
[Date "2018.07.19"]
[Round "5.6"]
[White "Plat, Vojtech"]
[Black "Pulpan, Jakub"]
[Result "1/2-1/2"]
[WhiteTitle "GM"]
[BlackTitle "IM"]
[WhiteElo "2543"]
[BlackElo "2386"]
[WhiteFideId "325740"]
[BlackFideId "302759"]
[EventDate "2018.07.18"]

1. d4 Nf6 2. c4 e6 3. g3 d5 4. Bg2 Bb4+ 5. Nd2 O-O 6. Qc2 b6 7. Nf3 Bb7 8. O-O
Nbd7 9. b3 Rc8 10. Bb2 c5 11. dxc5 Bxc5 12. Qd3 dxc4 13. Nxc4 Be4 14. Qd2 Qe7
15. Qg5 h6 16. Qh4 b5 17. Nce5 Nb6 18. Rad1 Rfd8 19. Rxd8+ Rxd8 20. Nxf7 Qxf7
21. Bxf6 Bxf3 22. Bxd8 Bxe2 23. Qf4 Qxf4 24. gxf4 Bxf1 25. Kxf1 g6 26. Be4 Kf7
27. Bc7 Nd5 28. Be5 b4 29. Bd3 g5 30. fxg5 hxg5 31. Bc4 Nc3 32. a3 Ne4 33. axb4
Bxb4 34. Ke2 a5 35. h3 Ke7 36. Bd3 Nf6 37. Kf3 Be1 38. Bb2 Bd2 39. Ke2 Bf4 40.
Bc3 Bc7 41. Bd2 g4 42. h4 g3 43. fxg3 Bxg3 44. Bg5 Kf7 45. Kf3 Be1 46. Bc4 Nh7
47. Bd8 Nf6 48. Ke2 Bxh4 49. Bxa5 Nd5 50. Bd2 Be7 51. Kd3 Ke8 52. Kd4 Kd7 53.
Bf1 Bd6 54. Kc4 Bf4 55. Bg2 Bxd2 56. Bxd5 exd5+ 57. Kxd5 Kc7 58. b4 Bxb4 1/2-1/2

[Event "29th Czech Rapid G1 2018"]
[Site "Pardubice CZE"]
[Date "2018.07.19"]
[Round "5.7"]
[White "Matviishen, Viktor"]
[Black "Stocek, Jiri"]
[Result "0-1"]
[WhiteTitle "IM"]
[BlackTitle "GM"]
[WhiteElo "2423"]
[BlackElo "2586"]
[WhiteFideId "14129850"]
[BlackFideId "304760"]
[EventDate "2018.07.18"]

1. d4 Nf6 2. c4 e6 3. Nf3 Bb4+ 4. Nbd2 O-O 5. g3 b6 6. Bg2 Bb7 7. O-O h6 8. Qc2
Bxd2 9. Bxd2 Be4 10. Qa4 d6 11. Bc3 Nbd7 12. Rfd1 a6 13. Qa3 Qc8 14. Bh3 b5 15.
b3 Bf5 16. Bg2 Be4 17. Bh3 Re8 18. Nd2 Bb7 19. f3 c5 20. Qc1 Qc7 21. e4 d5 22.
cxd5 exd5 23. e5 Nh7 24. f4 Nhf8 25. Nf3 Rac8 26. f5 Qb6 27. Qf4 b4 28. Bb2 c4
29. Rac1 a5 30. Kh1 a4 31. g4 a3 32. Ba1 Ba6 33. g5 cxb3 34. axb3 Be2 35. Re1
Qa6 36. Rxc8 Rxc8 37. gxh6 Qxh6 38. Qg3 Bxf3+ 39. Qxf3 Rc1 40. Rxc1 Qxc1+ 41.
Qf1 Qe3 42. Bg4 Qe4+ 43. Qg2 Qb1+ 44. Qg1 Qxb3 45. e6 Nf6 46. e7 N8d7 47. Bh5
Qd3 48. Qe1 Qe4+ 49. Qxe4 dxe4 50. Bd1 Nb6 51. Bb3 Nc8 52. d5 Nxe7 53. d6 Nc6
54. Ba4 Kf8 55. Bxc6 b3 56. Ba4 b2 57. Bxb2 axb2 58. Bc2 Ke8 59. Kg2 Kd7 0-1

[Event "29th Czech Rapid G1 2018"]
[Site "Pardubice CZE"]
[Date "2018.07.19"]
[Round "5.8"]
[White "Schlosser, Philipp"]
[Black "Shkuran, Danylo"]
[Result "1-0"]
[WhiteTitle "GM"]
[BlackTitle "IM"]
[WhiteElo "2501"]
[BlackElo "2381"]
[WhiteFideId "4600169"]
[BlackFideId "14106248"]
[EventDate "2018.07.18"]

1. Nf3 Nf6 2. c4 g6 3. Nc3 Bg7 4. e4 d6 5. d4 O-O 6. h3 e5 7. d5 Nh5 8. g3 Qe8
9. Be2 f5 10. exf5 gxf5 11. Nh4 Nf6 12. Qc2 e4 13. Be3 a5 14. O-O-O Na6 15. Kb1
Qe5 16. Qd2 Bd7 17. Rhg1 Nc5 18. g4 fxg4 19. hxg4 a4 20. Bd4 Qe7 21. Qe3 Nxd5
22. Nf5 Nxe3 23. Nxe7+ Kf7 24. fxe3 Bxd4 25. exd4 Kxe7 26. dxc5 Bc6 27. cxd6+
cxd6 28. Rh1 Rf7 29. Rh6 Rd8 30. Kc1 1-0

[Event "29th Czech Rapid G1 2018"]
[Site "Pardubice CZE"]
[Date "2018.07.19"]
[Round "5.9"]
[White "Gutman, Gennadi"]
[Black "Deepan, Chakkravarthy J."]
[Result "0-1"]
[WhiteTitle "GM"]
[BlackTitle "GM"]
[WhiteElo "2476"]
[BlackElo "2519"]
[WhiteFideId "14102277"]
[BlackFideId "5011132"]
[EventDate "2018.07.18"]

1. d4 Nf6 2. Nf3 e6 3. c4 Bb4+ 4. Bd2 a5 5. Qc2 O-O 6. Nc3 d6 7. a3 Bxc3 8. Bxc3
Nc6 9. e3 Qe7 10. Be2 e5 11. h3 a4 12. O-O Re8 13. Rfd1 e4 14. Nd2 Bf5 15. Nb1
Qd7 16. Bf1 h5 17. Be1 Na5 18. Nc3 Nb3 19. Rab1 Nh7 20. Qe2 g6 21. Nd5 Qd8 22.
Nf4 h4 23. d5 Nc5 24. Bc3 Qg5 25. Kh2 Nf6 26. Qd2 Nfd7 27. g4 hxg3+ 28. fxg3 Ne5
29. Bg2 Nf3+ 30. Bxf3 exf3 31. Rbc1 Ne4 0-1

[Event "29th Czech Rapid G1 2018"]
[Site "Pardubice CZE"]
[Date "2018.07.19"]
[Round "5.10"]
[White "Cerveny, Martin"]
[Black "Bryzgalin, Kirill"]
[Result "1/2-1/2"]
[WhiteTitle "IM"]
[BlackTitle "GM"]
[WhiteElo "2359"]
[BlackElo "2424"]
[WhiteFideId "321141"]
[BlackFideId "4133285"]
[EventDate "2018.07.18"]

1. d4 Nf6 2. Nf3 d6 3. g3 g6 4. Bg2 Bg7 5. O-O O-O 6. c4 c5 7. Nc3 Na6 8. h3 Bd7
9. b3 Rb8 10. Bb2 Re8 11. e4 cxd4 12. Nxd4 Nc5 13. Re1 Qc8 14. Kh2 a6 15. Rc1 e5
16. Nc2 Rd8 17. Nd5 Nxd5 18. cxd5 b5 19. Qd2 Qb7 20. Ne3 Rbc8 21. Bc3 Re8 22.
Ba1 Bh6 23. b4 Na4 24. Rxc8 Rxc8 25. Qd3 Nb6 26. Rf1 Nc4 27. f4 Nxe3 28. Qxe3
Rc2 29. Rf2 Rxf2 30. Qxf2 f6 31. fxe5 fxe5 32. Qf6 Qc7 33. Bb2 Bg7 34. Qg5 Kf7
35. Bc1 Bf6 36. Qh6 Bg7 37. Qe3 Bf6 38. Bd2 Bc8 39. Qf2 Ke7 40. h4 Bg4 41. Bg5
Bxg5 42. hxg5 Ke8 43. Bh3 Bxh3 44. Kxh3 Qc8+ 45. Kh2 Qc4 46. Qf6 Qe2+ 47. Kh3
Qh5+ 48. Kg2 Qe2+ 49. Kh3 1/2-1/2

[Event "29th Czech Rapid G1 2018"]
[Site "Pardubice CZE"]
[Date "2018.07.19"]
[Round "5.11"]
[White "Zwardon, Vojtech"]
[Black "Piscopo, Pierluigi"]
[Result "1/2-1/2"]
[WhiteTitle "IM"]
[BlackTitle "IM"]
[WhiteElo "2424"]
[BlackElo "2389"]
[WhiteFideId "325511"]
[BlackFideId "809152"]
[EventDate "2018.07.18"]

1. c4 e5 2. g3 Nc6 3. Bg2 f5 4. Nc3 Nf6 5. Nf3 Bb4 6. Nd5 a5 7. O-O O-O 8. d4 e4
9. Nh4 Nxd5 10. cxd5 Ne7 11. Bg5 Qe8 12. Qb3 Kh8 13. Rac1 c6 14. f3 cxd5 15.
fxe4 dxe4 16. a3 Qh5 17. Bf4 Nc6 18. Rxc6 dxc6 19. axb4 Qxe2 20. bxa5 Qb5 21.
Qxb5 cxb5 22. Bd6 Re8 23. b4 g6 24. Be5+ Kg8 25. g4 Rf8 26. Bd6 Rf7 27. gxf5
gxf5 28. Bh3 f4 29. Bxc8 Rxc8 30. Rxf4 Rxf4 31. Bxf4 Rc4 32. Nf5 Rxb4 33. d5
Rb1+ 34. Kf2 Rd1 35. Ke2 Rd3 36. d6 b4 37. Be5 b3 38. Bd4 b2 39. Bxb2 Kf7 40.
Ng3 Rxd6 41. Nxe4 Rd5 42. Bc3 Rh5 43. Nd6+ Ke6 44. Nxb7 Rxh2+ 45. Kd3 Kd5 46. a6
Rh3+ 47. Kc2 Kc6 48. Nc5 Kb6 49. Ba5+ Ka7 50. Bc3 Rh5 51. Bd4 Rxc5+ 52. Bxc5+
Kxa6 1/2-1/2

[Event "29th Czech Rapid G1 2018"]
[Site "Pardubice CZE"]
[Date "2018.07.19"]
[Round "5.12"]
[White "Domogaev, Sergey"]
[Black "Belyakov, Bogdan"]
[Result "0-1"]
[WhiteTitle "GM"]
[BlackTitle "IM"]
[WhiteElo "2414"]
[BlackElo "2489"]
[WhiteFideId "24103608"]
[BlackFideId "24104795"]
[EventDate "2018.07.18"]

1. d4 Nf6 2. c4 g6 3. Nc3 Bg7 4. e4 d6 5. Be2 O-O 6. Be3 c5 7. dxc5 Qa5 8. Bd2
Qxc5 9. Nf3 Bg4 10. O-O Nc6 11. Be3 Qa5 12. a3 Rfc8 13. Nd2 Bxe2 14. Qxe2 Nd7
15. Rac1 a6 16. f4 b5 17. Nd5 e6 18. cxb5 Nd4 19. Qf2 Rxc1 20. Rxc1 Nxb5 21. Nc4
Qd8 22. Nb4 Nc5 23. e5 Ne4 24. Qe2 Rc8 25. Rd1 d5 26. Nb6 Nxa3 27. bxa3 Nc3 28.
Qxa6 Nxd1 29. Qxc8 Qxc8 30. Nxc8 Nxe3 31. a4 Bf8 32. Nd3 Nc4 33. Kf2 Ba3 34. Ke2
Kf8 35. Na7 Ke8 36. Nb5 Be7 37. Ke1 Kd7 38. g4 h6 39. Ke2 Bd8 40. h3 Bb6 41. Kf3
Bd8 42. Kg3 f6 43. Nc5+ Ke7 44. exf6+ Kxf6 45. h4 e5 46. g5+ hxg5 47. hxg5+ Kf5
48. fxe5 Kxe5 49. Kg4 d4 50. Nd3+ Ke4 51. Nc5+ Kd5 52. Nxd4 Bb6 53. Ne2 Ne5+ 54.
Kf4 Bxc5 55. Nc3+ Ke6 56. Ne4 Ba3 57. a5 Bc1+ 58. Kg3 Kf5 59. a6 Nc6 60. Nc3
Bxg5 61. Nd5 Bd8 62. Kf3 Ke5 63. Ne3 Be7 64. Kg4 Ke4 65. Nc4 Na7 66. Nd2+ Kd5
67. Nf3 Nc6 68. Kf4 Bf6 69. Kg4 Ke6 70. Kf4 Kf7 71. Ke4 Ke6 72. Kf4 Kd5 73. Kg4
Kd6 74. Kf4 Kc7 75. Ke4 Ne7 76. Ne1 Kb6 77. Nd3 Kxa6 78. Nf4 Ba1 79. Kf3 Bb2 80.
Kg4 Bc1 81. Nd3 Bd2 82. Kf3 Kb5 83. Ke4 Bc3 84. Nf4 Kc6 85. Nd3 Kd6 86. Nf4 Bd2
87. Ne2 Ke6 88. Nd4+ Kf6 89. Nb5 Bb4 90. Nd4 Bd6 91. Nf3 Bb8 92. Nd2 g5 93. Nc4
Bf4 94. Nb2 Nf5 95. Nd3 Nd6+ 96. Kf3 Kf5 97. Nf2 Nc4 98. Ke2 Ne5 99. Kf1 Be3
100. Nh1 Kf4 101. Kg2 Ng6 102. Ng3 Nh4+ 103. Kh2 Bg1+ 104. Kh3 g4+ 0-1

[Event "29th Czech Rapid G1 2018"]
[Site "Pardubice CZE"]
[Date "2018.07.19"]
[Round "5.13"]
[White "Sengupta, Deep"]
[Black "Skliarov, Viktor"]
[Result "1-0"]
[WhiteTitle "GM"]
[BlackTitle "IM"]
[WhiteElo "2565"]
[BlackElo "2357"]
[WhiteFideId "5008352"]
[BlackFideId "14106736"]
[EventDate "2018.07.18"]

1. e4 c5 2. Nf3 Nc6 3. Bb5 e6 4. Bxc6 bxc6 5. d3 Ne7 6. Qe2 Ng6 7. e5 f6 8. h4
h5 9. Nc3 Qc7 10. exf6 gxf6 11. Bd2 d6 12. O-O-O Bd7 13. d4 cxd4 14. Nxd4 e5 15.
Nb3 O-O-O 16. Ne4 Be7 17. Ba5 Qb8 18. Qa6+ Qb7 19. Nxd6+ Bxd6 20. Qxb7+ Kxb7 21.
Rxd6 Nf4 22. Rhd1 1-0

[Event "29th Czech Rapid G1 2018"]
[Site "Pardubice CZE"]
[Date "2018.07.19"]
[Round "5.14"]
[White "Kulkarni, Chinmay"]
[Black "Mirzoev, Emil"]
[Result "0-1"]
[BlackTitle "IM"]
[WhiteElo "2336"]
[BlackElo "2412"]
[WhiteFideId "5023513"]
[BlackFideId "14108640"]
[EventDate "2018.07.18"]

1. e4 c5 2. Nf3 e6 3. d4 cxd4 4. Nxd4 Nc6 5. Nc3 Qc7 6. f4 a6 7. Nxc6 bxc6 8.
Bd3 d5 9. O-O Nf6 10. Qf3 Be7 11. Bd2 Bb7 12. e5 Nd7 13. Na4 c5 14. c4 d4 15.
Be4 Rb8 16. b3 Bxe4 17. Qxe4 Qb7 18. Qxb7 Rxb7 19. Nb2 f5 20. exf6 gxf6 21. Nd3
Kf7 22. Rae1 Bd6 23. Ne5+ Bxe5 24. fxe5 f5 25. Kh1 Rg8 26. Rf4 Rg6 27. h3 Kg7
28. Ba5 h5 29. Rh4 Nb8 30. Rxh5 Nc6 31. Bd2 Rg3 32. Bf4 Rc3 33. Rh6 Re7 34. Bg5
Re8 35. Rh4 Rc2 36. Bf6+ Kg6 37. g4 d3 38. g5 Rg8 39. Rh6+ Kf7 40. Rh7+ Ke8 41.
Rd1 d2 42. Kg2 Rxa2 43. Rc7 Nd4 44. h4 Ne2 45. h5 Nc3 46. g6 Nxd1 47. Re7+ Kd8
48. Rg7+ Kc8 49. Rxg8+ Kc7 50. Kf3 Ne3 51. Rd8 Nd5 52. Rxd5 exd5 53. Ke2 f4 54.
Bh4 dxc4 55. bxc4 f3+ 56. Kd1 Ra1+ 57. Kxd2 Rg1 58. Ke3 Kd7 59. Kxf3 Ke6 60. Bf2
Rg5 61. Bxc5 Rxh5 62. Bd6 Rg5 63. Ke3 Rxg6 64. Kd4 Rg1 65. Bc7 Kd7 66. Ba5 Ra1
67. Bc3 Rc1 68. Bb4 Rb1 69. Bc3 Kc6 70. c5 Rh1 71. e6 Rh5 72. e7 Kd7 73. c6+
Kxe7 74. Bb4+ Kd8 75. Bd6 Kc8 76. Kc4 Rb5 77. Bf4 Rb2 78. Bd6 Rc2+ 79. Kd5 a5
80. c7 Rd2+ 0-1

[Event "29th Czech Rapid G1 2018"]
[Site "Pardubice CZE"]
[Date "2018.07.19"]
[Round "5.15"]
[White "Zilka, Stepan"]
[Black "Sarkar, Justin"]
[Result "1-0"]
[WhiteTitle "GM"]
[BlackTitle "IM"]
[WhiteElo "2517"]
[BlackElo "2307"]
[WhiteFideId "315303"]
[BlackFideId "2010011"]
[EventDate "2018.07.18"]

1. d4 Nf6 2. c4 e6 3. Nf3 c5 4. d5 exd5 5. cxd5 Bd6 6. Nc3 O-O 7. Bg5 Re8 8. e3
Bf8 9. Bd3 d6 10. Qc2 h6 11. Bh4 Nbd7 12. O-O Ne5 13. Nxe5 Rxe5 14. Rae1 a6 15.
f4 Rh5 16. Bg3 b5 17. Be2 Bg4 18. Bxg4 Nxg4 19. h3 Nf6 20. e4 b4 21. Nd1 g5 22.
Qe2 gxf4 23. Rxf4 Re5 24. Qf3 Be7 25. Ne3 Nh7 26. h4 1-0

[Event "29th Czech Rapid G1 2018"]
[Site "Pardubice CZE"]
[Date "2018.07.19"]
[Round "5.16"]
[White "Neuman, Petr"]
[Black "Tarun, V Kanth"]
[Result "1-0"]
[WhiteTitle "GM"]
[WhiteElo "2440"]
[BlackElo "2086"]
[WhiteFideId "305243"]
[BlackFideId "25012185"]
[EventDate "2018.07.18"]

1. e4 e6 2. d4 d5 3. Nd2 Nf6 4. e5 Nfd7 5. f4 c5 6. c3 Nc6 7. Ndf3 Qb6 8. g3
cxd4 9. cxd4 Be7 10. Kf2 O-O 11. Kg2 f6 12. h4 fxe5 13. fxe5 Ndxe5 14. dxe5 Nxe5
15. Nxe5 Qf2+ 16. Kh3 Qf5+ 17. Kh2 Qxe5 18. Nf3 Qd6 19. Bg2 e5 20. Bg5 Bf6 21.
Bxf6 Rxf6 22. Ng5 e4 23. Rf1 Bf5 24. Qb3 Kh8 25. Rad1 Rd8 26. Bxe4 Qe5 27. Rxf5
Rxf5 28. Bxf5 Qxf5 29. Qd3 Qf2+ 30. Kh3 1-0

[Event "29th Czech Rapid G1 2018"]
[Site "Pardubice CZE"]
[Date "2018.07.19"]
[Round "5.17"]
[White "Meleshko, Vladimir"]
[Black "Lalic, Bogdan"]
[Result "0-1"]
[WhiteTitle "FM"]
[BlackTitle "GM"]
[WhiteElo "2268"]
[BlackElo "2394"]
[WhiteFideId "14111055"]
[BlackFideId "409081"]
[EventDate "2018.07.18"]

1. e4 c5 2. Nf3 Nc6 3. d4 cxd4 4. Nxd4 Qb6 5. Nb3 Nf6 6. Be3 Qc7 7. f3 e6 8. c4
Ne5 9. Qd4 d6 10. Nc3 a6 11. Rc1 Be7 12. Be2 O-O 13. O-O Nfd7 14. Rfd1 b6 15.
Nd2 Bf6 16. Kh1 Nxf3 17. Qd3 Nde5 18. Qc2 Nxd2 19. Qxd2 Rd8 20. Na4 Rb8 21. Qb4
Qc6 22. Bf3 Nxf3 23. gxf3 b5 24. cxb5 Qxb5 25. Qxb5 axb5 26. Nb6 Bxb2 27. Rb1
Bf6 28. Rxb5 Ba6 29. Rb4 Be2 30. Rc1 Bxf3+ 31. Kg1 d5 32. exd5 exd5 33. a4 d4
34. Bf4 Rb7 35. a5 d3 36. Kf2 Be2 37. Ke1 Ra7 38. Nc4 h6 39. Be3 Bg5 40. Bxa7
Bxc1 41. Nd2 Ba3 42. Rb3 Bd6 43. Bg1 Ra8 44. Nc4 Bc7 45. Ra3 Ra6 46. Kd2 g5 47.
h3 f5 48. Bb6 Bf4+ 49. Ke1 g4 50. hxg4 fxg4 51. Ne3 h5 52. Nd5 Bg3+ 53. Kd2 h4
54. Nf6+ Kf7 55. Nxg4 Bxg4 56. Rxd3 Bf5 57. Rd8 h3 58. Rh8 h2 59. Ke3 Be5 60.
Rh5 Kg6 0-1

[Event "29th Czech Rapid G1 2018"]
[Site "Pardubice CZE"]
[Date "2018.07.19"]
[Round "5.18"]
[White "Sadhwani, Raunak"]
[Black "Hasangatin, Ramil"]
[Result "1-0"]
[WhiteTitle "FM"]
[BlackTitle "GM"]
[WhiteElo "2409"]
[BlackElo "2497"]
[WhiteFideId "35093487"]
[BlackFideId "4122160"]
[EventDate "2018.07.18"]

1. e4 d5 2. exd5 Qxd5 3. Nf3 Bg4 4. Be2 Nc6 5. d4 O-O-O 6. c3 e5 7. O-O exd4 8.
Nxd4 Bxe2 9. Qxe2 Nxd4 10. cxd4 Qxd4 11. Nc3 Bd6 12. Nb5 Qe5 13. Nxd6+ Qxd6 14.
Qg4+ Kb8 15. Qxg7 Nf6 16. Qg3 Rhg8 17. Qxd6 Rxd6 18. Bf4 Rb6 19. b3 Nd5 20. Bg3
Re6 21. Rac1 Kc8 22. Rfd1 Rd8 23. h3 c6 24. Re1 Rde8 25. Red1 Kd7 26. Rc4 Re1+
27. Rxe1 Rxe1+ 28. Kh2 Re2 29. Rh4 Rxa2 30. Rxh7 Ke6 31. Rg7 Rb2 32. h4 Rxb3 33.
h5 Nf6 34. h6 Rb5 35. Bf4 Rh5+ 36. Kg1 a5 37. g4 Rh4 38. f3 a4 39. Bc1 a3 40.
Bxa3 Rxh6 41. g5 Rh3 42. gxf6 Rxf3 43. Be7 b6 44. Rg8 Rc3 45. Rb8 b5 46. Kf2 Rc4
47. Ke3 Kf5 48. Kd3 Ke6 49. Rb7 Kf5 50. Ra7 Kg6 51. Rc7 Kf5 52. Rb7 Kg6 53. Bd8
Rc1 54. Kd2 Rc4 55. Kd3 Rc1 56. Be7 Rc4 57. Ra7 Rc1 58. Ra2 Rc4 59. Rf2 Rc1 60.
Kd4 Re1 61. Kc5 Rc1+ 62. Kd4 Rd1+ 63. Kc5 Rc1+ 64. Kb6 Rc4 65. Kc7 b4 66. Rb2 c5
67. Kd7 Rh4 68. Rg2+ Kf5 69. Rf2+ Kg6 70. Bxc5 b3 71. Be7 Rc4 72. Rg2+ Kf5 73.
Rf2+ Kg6 74. Rb2 Rc3 75. Kd6 Kf5 76. Kd5 Rd3+ 77. Kc4 Rd1 78. Rxb3 Ke6 79. Re3+
Kf5 80. Kc5 Rd2 81. Kc4 Rd1 82. Rd3 Ra1 83. Rf3+ Ke6 84. Kd4 Rd1+ 85. Ke4 Re1+
86. Kf4 Rd1 87. Re3+ Kd5 88. Kg5 Rg1+ 89. Kh6 Kd4 90. Re2 Kd3 91. Re5 Kd4 92.
Rg5 1-0

[Event "29th Czech Rapid G1 2018"]
[Site "Pardubice CZE"]
[Date "2018.07.19"]
[Round "5.19"]
[White "Westerinen, Heikki M.J."]
[Black "Manik, Mikulas"]
[Result "0-1"]
[WhiteTitle "GM"]
[BlackTitle "GM"]
[WhiteElo "2310"]
[BlackElo "2400"]
[WhiteFideId "500020"]
[BlackFideId "14900734"]
[EventDate "2018.07.18"]

1. e4 c5 2. Nf3 d6 3. Nc3 Nf6 4. e5 dxe5 5. Nxe5 a6 6. g3 Nbd7 7. Nc4 b5 8. Bg2
Ra7 9. Ne3 e6 10. O-O Bb7 11. d3 Bxg2 12. Kxg2 Be7 13. a4 b4 14. Ne4 O-O 15. Nc4
Nb6 16. Nxb6 Qxb6 17. Qf3 b3 18. c3 Rd7 19. Bg5 Nd5 20. Bxe7 Nxe7 21. Rfd1 Rfd8
22. Qe3 Rd5 23. Rd2 Nf5 24. Qf3 Kh8 25. Ng5 R5d7 26. Qh5 Qb7+ 27. Kg1 h6 28.
Rad1 Kg8 29. Ne4 Qc6 30. Qg4 Kh8 31. Qf3 Nd6 32. Re2 Nxe4 33. Rxe4 c4 34. d4 e5
35. a5 Qb5 36. Qe2 exd4 37. Re8+ Rxe8 38. Qxe8+ Kh7 39. Qe4+ f5 40. Qe6 dxc3 41.
Rxd7 c2 42. Rxg7+ Kxg7 43. Qe7+ Kg8 44. Qe6+ Kf8 45. Qf6+ Ke8 46. Qe6+ Kd8 47.
Qf6+ Kc7 48. Qe7+ Qd7 49. Qc5+ Qc6 50. Qe7+ Kb8 51. Qd8+ Qc8 52. Qd6+ Qc7 53.
Qf8+ Ka7 54. Qxh6 f4 0-1